Riešenie krízových situácií v špecifickom prostredí 8. medzinárodná vedecká konferencia : 17.-18. jún 2003 Žilina [1. časť]

Bibliographic Details
Corporate Author: Riešenie krízových situácií v špecifickom prostredí Žilina, Slovensko (Author)
Other Authors: Beniač, Martin (Compiler)
Format: Conference Proceeding Book
Language:Slovak
PhysicalDescription:286 s. fotogr., mp., sch., tab. 21 cm
Published: V Žiline Žilinská univerzita 2003
ISBN:8080700893
Edition:[1. vyd.]
Subjects:

MARC

LEADER 00000cam a2200000 a 4500
001 vtls001463585
003 SK-MaSNL
005 20260301073418.0
008 251117s2003 xo ab fr 100 0 slo
015 |a SNBA2004/04-01361 
020 |a 8080700893 
035 |a SNK000418890 
035 |a urn:nbn:sk:snk-amkon0 
035 |a urn:nbn:sk:snk-am008du3 
035 |a D54E568A-922F-4FBA-9331-0D1B7822490D 
040 |a SNK  |b slo  |c SNK  |e AACR2 
041 0 |a slo 
044 |a xo  |c SK 
072 7 |a 005  |2 konspekt 
072 7 |a 614.8  |x Úrazy a ich prevencia  |2 konspekt 
080 |a 005.931(082)=00  |2 1981 
080 |a 35.078.7  |2 1981 
080 |a 005.931  |2 1981 
080 |a (063)  |2 1981 
111 2 |a Riešenie krízových situácií v špecifickom prostredí  |n (8. :  |d 2003 :  |c Žilina, Slovensko)  |4 aut  |9 394416 
245 1 0 |a Riešenie krízových situácií v špecifickom prostredí  |b 8. medzinárodná vedecká konferencia : 17.-18. jún 2003 Žilina  |c [zostavil: Martin Beniač]  |n [1. časť] 
250 |a [1. vyd.] 
260 |a V Žiline  |b Žilinská univerzita  |c 2003 
300 |a 286 s.  |b fotogr., mp., sch., tab.  |c 21 cm 
500 |a Fotogr. na tit. strane 
500 |a Čiast. text čes., poľ. a angl. 
500 |a 150 výt. 
504 |a Bibliogr. odkazy. Res. slov., čes., angl. a poľ. 
650 0 7 |a krízové situácie  |2 SNKPH  |9 1563 
650 0 7 |a krízový manažment  |2 SNKPH  |9 4171 
650 0 7 |a integrovaný záchranný systém  |2 SNKPH  |9 4280 
655 7 |a zborníky konferencií  |2 SNKPH  |9 70153 
700 1 |a Beniač, Martin  |4 com  |9 48770 
752 |d Žilina 
919 |a 80-8070-089-3 
958 |a NB 
958 |a OND 
968 |d 0 
999 |c 644136  |d 646066 
952 |t P60, <03>, [BOOK], {603}  |a SNK  |b SNK  |y PREZ  |7 0  |p 17A0404607  |o snkSC 113794/1  |i snkKSP 14933/2003  |0 0  |1 0  |4 0  |d 2003-11-24  |f 1  |l 0  |r 2025-10-02 00:00:00  |w 2026-02-23 
952 |t P60, <04>, [BOOK], {604}  |a SNK  |b SNK  |y VYP  |7 0  |p 17A0404606  |o snkSC 113794/1 D1  |i snkKSP 14934/2003  |0 0  |1 0  |4 0  |d 2003-11-24  |l 0  |r 2005-01-02 00:00:00  |w 2026-02-23